| 000 | 00644 a2200145 4500 | ||
|---|---|---|---|
| 082 | _aBEE-4 | ||
| 100 |
_aMuhammad Waqas, Saad Hassan _992362 |
||
| 245 |
_aDesign, simulation & development of X-band microstrip planar/linear phased array antenna [Project Report BEE-4] _cMuhammad Waqas, Saad Hassan |
||
| 260 |
_aIslamabad _bNUST School of Electrical Engineering and Computer Science _c2011. |
||
| 300 |
_a80p. _b;ill. _c:27cm. + _eCD-ROM |
||
| 500 | _aSupervisors: Mr. Muhammad Bilal, Mr. Yasir Iqba. | ||
| 700 |
_aMuhammad Waqas, Saad Hassan _992362 |
||
| 856 | _uhttp://10.250.8.41:8080/xmlui/handle/123456789/10856 | ||
| 942 |
_cPR _kBEE-4 WAQ _2ddc |
||
| 999 |
_c10576 _d10576 |
||